00432nam a22001577a 450000500170000001000130001702000260003003700120005608200130006810000200008124500440010125000080014526000290015327000600018230000320024220220926164036.0 aB-745696 a9788131725641c100.00 bPearson a658.3125 aAguinis, Herman aPerformance Management/cHerman Aguinis a2nd aNew DelhibPearsonc2012 a11 Community Center Panchsheel Park,bNew Delhie110017 axvi, 296p.bill.c24cm.(Pb)